Estadísticas para Anagramas - Marcas con pistas #2

Haz click aquí para intentar la prueba.

Estadísticas generales

  • Esta prueba ha sido intentada 154 veces
  • La puntuación promedio es 15 de 17

Estadísticas de respuestas

PistaAnagramaMarca% Correcto
Roparazazara
99%
Cochesttoyaotoyota
98%
Cocheseesdercmmercedes
96%
Web de compraszaamonamazon
95%
Cocheseirafrrferrari
95%
Webgeoglggoogle
94%
Webapiedikiwwikipedia
94%
Ropavislelevis
89%
Móviles/Tecnologíapaelpapple
87%
Ropasugesguess
87%
Cochesiuhtmiibssmitsubishi
84%
Músicatsfyopispotify
83%
Webictwthtwitch
83%
Webeoybuutyoutube
81%
Web de compraseilpasxersaliexpress
80%
Webjuepkntjetpunk
79%
Músicapapel iucsmapple music
75%

Distribución de puntuación

Porcentaje por número respondido

Porcentaje de gente con cada puntuación

Historial de tus puntuaciones

No has intentado esta prueba.